LEADER 01412nam a2200289 u 4500 001 000000055975 003 CaOOAMICUS 005 20070226120425.0 008 010326s2000 it af u000 u ita u 020 $a8882893162 035 $a10870174 040 $aBSR$bita 100 1 $aRendina, Claudio.$0(OLS)http://pul/name/39317 245 13$aLa grande enciclopedia di Roma :$bpersonaggi, curiositą, monumenti, storia, arte e folclore della Cittą eterna dalle origini al Duemila /$ca cura di Claudio Rendina. 260 $aRoma :$bNewton & Compton,$cc2000. 300 $a1377 p., [40] p. of pls. :$bill. ;$c28 cm 490 1 $aQuest'Italia ;$v283 504 $aBibliography: p. 9-11. 651 0$aRome (Italy)$xHistory.$2//eng$0(OLS)http://pul/subject/283 651 0$aRome (Italy)$xFolklore.$2//eng$0(OLS)http://pul/subject/22635 830 0$aQuest'Italia ;$v283.$0(OLS)http://pul/title/74898 850 $aPUL 852 $aPUL$W1$xSL Cons. Gen., Altre Classi 1$y1$m1394 E 6$j73512$nBK-PRI$b $qStampati$B73512$CPULBib$Z2$F73512 $HPUL94176 $81 941 1 $a8 996 $6020$a8882893162$9(OLS)http://pul/number/70491 996 $6245$aLa grande enciclopedia di Roma :$bpersonaggi, curiositą, monumenti, storia, arte e folclore della Cittą eterna dalle origini al Duemila$9(OLS)http://pul/title/74897 996 $6260$aRoma :$bNewton & Compton$9(OLS)http://pul/publisher/69111 LEADER 01289nam a2200301 a 4500 001 000000138507 003 CaOOAMICUS 005 20140526143443.0 008 140526s2010 it u000 u ita r 020 $a978-88-13-29989-7 040 $aPUL$bita 082 $a346.3707 100 1 $aVacca, Letizia.$0(OLS)http://pul/name/22748 245 10$aGaranzia e responsabilitą :$bconcetti romani e dogmatiche attuali /$cLetizia Vacca. 260 $aPadova :$bCEDAM,$c2010. 300 $aVIII, 338 p. ;$c24 cm 490 1 $aGiurista europeo. Percorsi formativi ;$v07 504 $aBibliografia in nota. 650 4$aCommercio (diritto romano).$0(OLS)http://pul/subject/40531 830 0$aGiurista europeo.$pPercorsi formativi ;$v07.$0(OLS)http://pul/title/160037 850 $aPUL 852 $aPUL$W1$xSL Diritto e Scienze Sociali 3$y79$m346. 3707 VACLE 1$j159784$qDDC 21$B159296$CPULBib$Z2$F159296 $H124078 $82 941 1 $a9 996 $6020$a978-88-13-29989-7$9(OLS)http://pul/number/155328 996 $6082$a346.3707$9(OLS)http://pul/classification/2658 996 $6245$aGaranzia e responsabilitą :$bconcetti romani e dogmatiche attuali$9(OLS)http://pul/title/175323 996 $6260$aPadova :$bCEDAM$9(OLS)http://pul/publisher/48126